000 00422nam a2200145 a 4500
001 000033562
005 20200930070341.0
008 110831s1885 dr c 000 0 spa d
040 _aDO-SdBNP
_bspa
_cBNPHU
082 _axxx
_bP433
100 1 _aPerdomo, Josefa A.
_959059
245 1 0 _aPoesías /
_cJosefa A. Perdomo.
260 _aSanto Domingo :
_bImprenta de García Hermano,
_c1885.
300 _a239 p. :
_bretr. ;
_c23 cm.
999 _c33053
_d33053